000 01257nam a2200337Ia 4500
001 ebr10070660
003 CaPaEBR
006 m u
007 cr cn|||||||||
008 000229s2001 enka s 001 0 eng d
010 _z 00027912
020 _z0203475909
020 _z0419205004
040 _aCaPaEBR
_cCaPaEBR
035 _a(OCoLC)228040127
050 1 4 _aKD1641
_b.T74 2001eb
082 0 4 _a343.41/078624
_221
100 1 _aTrickey, Geoffrey.
245 1 4 _aThe presentation and settlement of contractors' claims
_h[electronic resource] /
_cGeoffrey Trickey and Mark Hackett.
250 _a2nd ed.
260 _aLondon ;
_aNew York :
_bSpon Press,
_cc2001.
300 _axix, 485 p. :
_bill.
500 _aIncludes index.
533 _aElectronic reproduction.
_bPalo Alto, Calif. :
_cebrary,
_d2009.
_nAvailable via World Wide Web.
_nAccess may be limited to ebrary affiliated libraries.
650 0 _aConstruction contracts
_zGreat Britain.
650 0 _aContracts for work and labor.
655 7 _aElectronic books.
_2local
700 1 _aHackett, Mark,
_d1962-
710 2 _aebrary, Inc.
856 4 0 _uhttp://site.ebrary.com/lib/rucke/Doc?id=10070660
_zAn electronic book accessible through the World Wide Web; click to view
999 _c31423
_d31423